| Tag |
First Indicator |
Second Indicator |
Subfields |
| LEADER |
00000cam a2200000 a 4500 |
| 001 |
in00001043921 |
| 005 |
20150928124033.0 |
| 008 |
910503s1991 mau b 001 0 eng |
| 010 |
|
|
|a 91004209
|
| 020 |
|
|
|a 0926689029 (alk. paper)
|
| 035 |
|
|
|a (OCoLC)23869077
|
| 035 |
|
|
|9 AFG7702AM
|
| 040 |
|
|
|a DLC
|c DLC
|d TXA
|d UtOrBLW
|
| 041 |
0 |
|
|a eng
|a wel
|h wel
|
| 043 |
|
|
|a e-uk-wl
|
| 049 |
|
|
|a TXAM
|
| 050 |
0 |
0 |
|a PB2369
|b .M45 1991
|
| 082 |
0 |
0 |
|a 891.6/611080382
|2 20
|
| 245 |
0 |
4 |
|a The Medieval Welsh religious lyric :
|b poems of the Gogynfeirdd, 1137-1282 /
|c introduction, text & translation by Catherine A. McKenna.
|
| 264 |
|
1 |
|a Belmont, Mass. :
|b Ford & Bailie,
|c 1991.
|
| 300 |
|
|
|a xvii, 241 pages ;
|c 23 cm.
|
| 336 |
|
|
|a text
|b txt
|2 rdacontent
|
| 337 |
|
|
|a unmediated
|b n
|2 rdamedia
|
| 338 |
|
|
|a volume
|b nc
|2 rdacarrier
|
| 500 |
|
|
|a English and Welsh.
|
| 504 |
|
|
|a Includes bibliographical references (pages 131-151) and index.
|
| 650 |
|
0 |
|a Christian poetry, Welsh.
|
| 650 |
|
0 |
|a Welsh poetry
|y To 1550.
|
| 650 |
|
0 |
|a Welsh poetry
|y To 1550
|x Translations into English.
|
| 650 |
|
0 |
|a Christian poetry, Welsh
|x History and criticism.
|
| 700 |
1 |
|
|a McKenna, Catherine A.,
|d 1945-
|
| 999 |
|
|
|a MARS
|
| 999 |
f |
f |
|s a660f197-e389-34a1-a51d-8656ab8fd744
|i 8289fc6d-c06b-36f3-9c16-80d90721d8db
|t 0
|
| 952 |
f |
f |
|p ric
|a Texas A&M University
|b Rellis Campus
|c Joint Library Facility
|s JLF
|d Remote Storage
|t 0
|e PB2369 .M45 1991
|h Library of Congress classification
|i unmediated -- volume
|m A14815370174
|
| 998 |
f |
f |
|a PB2369 .M45 1991
|t 0
|l Remote Storage
|